| 000 | nam a22 a 4500 | ||
|---|---|---|---|
| 999 |
_c115 _d115 |
||
| 005 | 20170418152300.0 | ||
| 008 | 170418t2005 at ||||| |||| 00| 0 eng d | ||
| 020 | _a1921022396 (hardback set) | ||
| 020 | _a1864682566 (volume 1) | ||
| 020 | _a1864684844 (volume 2) | ||
| 020 | _a1864685247 (volume 3) | ||
| 020 | _a1921022388 (volume 4) | ||
| 040 | _aAKMAL | ||
| 082 | _a336.27140994 AUS | ||
| 090 |
_a336.27140994 _bAUS |
||
| 245 | 0 | 0 |
_aAustralian GST guide / _cCCH Australia Limited. |
| 260 |
_aNorth Ryde, N.S.W. : _bCCH Australia Ltd, _cc2000 |
||
| 300 |
_a4 v. (loose-leaf) ; _c25cm |
||
| 500 | _aTitle history: GST Guide, May 1999-Dec. 2004. | ||
| 500 | _aIncludes index. | ||
| 650 | 0 |
_aTaxation _zAustralia. _9287 |
|
| 650 | 0 |
_aValue-added tax _zAustralia. _9288 |
|
| 710 | 2 |
_aCCH Australia Limited. _9289 |
|
| 942 |
_2ddc _cBOOK |
||
| 950 | _lAKMAL | ||